000 00327nam a2200109Ia 4500
008 220204s9999 xx 000 0 und d
082 _a681.31
_bESS.1
100 _aMelin, Nancy Jean
245 0 _aEssential guide to the library IBM PC. Vol 1. The hardware setup and expansion
260 _aWest Port
_bMeckler
_c1985
942 _cBK
999 _c39582
_d39582